[Event "GER-ch U25-B"]
[Site "Willingen"]
[Date "2023.05.30"]
[Round "4"]
[White "Toerpel, Cedrik"]
[Black "Kutz, Ida Klara"]
[Result "1-0"]
[WhiteElo "1678"]
[BlackElo "1411"]
[PlyCount "129"]
[EventDate "2023.05.27"]
[EventType "swiss"]
[EventRounds "9"]
[EventCountry "GER"]
[SourceTitle "CBM 214 Extra"]
[Source "ChessBase"]
[SourceDate "2023.07.31"]
[SourceVersion "1"]
[SourceVersionDate "2023.07.31"]
[SourceQuality "1"]

1. e4 d6 2. d4 Nf6 3. Nc3 g6 4. f4 Bg7 5. Nf3 0-0 6. Bd3 c5 7. dxc5 dxc5 8. Be3 b6 9. Qe2 Bb7 10. 0-0-0 Nc6 11. e5 Ne8 12. Bxg6 Qc8 13. Be4 Nb4 14. a3 Na2+ 15. Nxa2 Bxe4 16. Nc3 Bg6 17. Nd5 Qb7 18. h4 f5 19. Ng5 Rd8 20. Nc3 Nc7 21. h5 Bf7 22. h6 Bh8 23. Rdg1 Bg6 24. g4 fxg4 25. Qxg4 Qc8 26. Qe2 Qf5 27. Qc4+ e6 28. Nce4 Nd5 29. Bd2 Nxf4 30. Bxf4 Qxf4+ 31. Kb1 Qxe5 32. Qxe6+ Qxe6 33. Nxe6 Rfe8 34. Nxd8 Rxe4 35. Re1 Rc4 36. Rhg1 Rf4 37. Re8+ Rf8 38. Rxf8+ Kxf8 39. Ne6+ Ke7 40. Nf4 Bf7 41. Re1+ Kd6 42. c3 Be5 43. Ng2 Bg6+ 44. Kc1 c4 45. Kd2 Bf6 46. Ne3 Bg5 47. Rh1 Bd3 48. Rh3 Bf5 49. Rh5 Bxe3+ 50. Kxe3 Ke5 51. Rh2 b5 52. Rd2 Bd3 53. Rg2 Kd5 54. Rg5+ Kc6 55. Kd4 a6 56. Rg8 Kb6 57. Ke5 Ka5 58. Ra8 Ka4 59. Rxa6+ Kb3 60. Ra5 Kxb2 61. Kd4 Kb3 62. Rxb5+ Kxa3 63. Rb4 Bg6 64. Rxc4 Kb3 65. Rc6 1-0

[Event "GER-ch U25-B"]
[Site "Willingen"]
[Date "2023.05.29"]
[Round "3"]
[White "Kanno, Clara Yumi"]
[Black "Toerpel, Cedrik"]
[Result "1/2-1/2"]
[WhiteElo "1358"]
[BlackElo "1678"]
[PlyCount "108"]
[EventDate "2023.05.27"]
[EventType "swiss"]
[EventRounds "9"]
[EventCountry "GER"]
[SourceTitle "CBM 214 Extra"]
[Source "ChessBase"]
[SourceDate "2023.07.31"]
[SourceVersion "1"]
[SourceVersionDate "2023.07.31"]
[SourceQuality "1"]

1. d4 Nf6 2. Nf3 d5 3. e3 Bg4 4. Nbd2 e6 5. Bd3 c5 6. c3 Nc6 7. 0-0 Qc7 8. Qe1 Bd6 9. h3 Bh5 10. Bb5 a6 11. Bxc6+ bxc6 12. dxc5 Bxc5 13. b3 Bg6 14. Qe2 h6 15. Bb2 0-0 16. c4 Ne4 17. Nxe4 Bxe4 18. Nd4 e5 19. Nc2 Qd6 20. f3 Bxc2 21. Qxc2 Bxe3+ 22. Kh1 f5 23. cxd5 cxd5 24. Rfe1 d4 25. Rad1 Rac8 26. Qe2 Qg6 27. Bc1 f4 28. Bxe3 fxe3 29. Rc1 Rc6 30. Rc4 Rfc8 31. Rec1 Rxc4 32. bxc4 Rb8 33. c5 Qc6 34. Kg1 Rb5 35. Qc2 Kf7 36. Kf1 Kf6 37. Kg1 Rb7 38. Rd1 Qd5 39. Qa4 Qxc5 40. Qxa6+ Qb6 41. Qc4 Rc7 42. Qd3 Rc3 43. Qe4 Qb2 44. Qh4+ Kf7 45. Qh5+ Kg8 46. Qe8+ Kh7 47. Qxe5 Qc2 48. Qxd4 e2 49. Re1 Rc4 50. Qd5 Qxa2 51. Qf5+ Kg8 52. Qe6+ Kh7 53. Qxe2 Qxe2 54. Rxe2 Kg6 1/2-1/2

[Event "GER-ch U25-B"]
[Site "Willingen"]
[Date "2023.05.28"]
[Round "2"]
[White "Toerpel, Cedrik"]
[Black "Hensen, Malte"]
[Result "1-0"]
[WhiteElo "1678"]
[BlackElo "1484"]
[PlyCount "45"]
[EventDate "2023.05.27"]
[EventType "swiss"]
[EventRounds "9"]
[EventCountry "GER"]
[SourceTitle "CBM 214 Extra"]
[Source "ChessBase"]
[SourceDate "2023.07.31"]
[SourceVersion "1"]
[SourceVersionDate "2023.07.31"]
[SourceQuality "1"]

1. e4 c6 2. d4 d5 3. f3 Nd7 4. Nc3 e6 5. Nh3 Ne7 6. Be3 b6 7. Bd3 Bb7 8. 0-0 c5 9. b3 dxe4 10. fxe4 Nc6 11. Ne2 cxd4 12. Nxd4 Bc5 13. c3 e5 14. Nc2 Bxe3+ 15. Nxe3 Nc5 16. Bc4 0-0 17. Qh5 g6 18. Qh6 Ne6 19. Bxe6 fxe6 20. Ng5 Qd7 21. Ng4 Rxf1+ 22. Rxf1 Re8 23. Nf6+ 1-0